| 000 | 00900cab a2200265 4500 | ||
|---|---|---|---|
| 001 | WB3219-10 | ||
| 008 | 090401t1996 xxu||||| |||| 00| 0 eng d | ||
| 035 | _a(Sirsi) u1561 | ||
| 041 | _aeng | ||
| 245 | _a1960s offices aren`t so fab | ||
| 260 | _c1996 | ||
| 350 | _a0 | ||
| 490 |
_aProperty Week _v55(7) 16 May 1996, 5(1) |
||
| 520 | _aObsolescence rather than location is the major cause of poor investment performance for London offices, with an 11-point gap in returns between new buildings and 1960s stock according to Investment Property Databank`s "Property investors digest". | ||
| 650 | _a1960S OFFICES | ||
| 650 | _aINVESTMENT PERFORMANCE | ||
| 650 | _aINVESTMENT PROPERTY DATABANK | ||
| 650 | _aOBSOLESCENCE | ||
| 650 | _aOBSOLETE OFFICES | ||
| 650 | _aOFFICE BUILDINGS | ||
| 650 | _aOFFICES | ||
| 690 | _aPROPERTY-COMMERCIAL PROPERTY | ||
| 942 | _n0 | ||
| 948 | _c04/03/1997 | ||
| 999 |
_c880 _d880 |
||